000 00682nam a2200241 a 4500
001 62587
003 BD-RjUL
005 20211209081112.0
008 170124s1983 mau 001 0 eng
020 _a0316488763
035 _a(BD-RjUL)62713
040 _aDLC
_cDLC
_dBD-RjUL
_beng
041 _aeng
082 0 0 _a808
_223
_bKEL 1983
100 _aKennedy, X. J.
_9186068
245 1 0 _aLiterature :
_ban introduction to fiction, poetry, and drama /
_cX.J. Kennedy.
250 _a3rd. ed.
260 _aBoston :
_bLittle, Brown,
_cc1983.
300 _axxxviii, 1461 p. ;
_c23 cm.
500 _aIncludes indexes.
650 0 _aLiterature
_xCollections.
_9186069
942 _2ddc
_cBK
999 _c62587
_d62587